| 000 | 00441nam a2200157 a 4500 | ||
|---|---|---|---|
| 001 | 000033060 | ||
| 005 | 20200930070013.0 | ||
| 008 | 110525s1958 a 000 p spa d | ||
| 040 |
_aDO-SdBNP _bspa _cBNPHU |
||
| 082 |
_axxx _bV635g |
||
| 100 | 1 |
_aFernandez Simo, Alfredo _958755 |
|
| 245 | 1 | 0 |
_aGuazábara : _bnovela / _cAlfredo Fernandez Simo. |
| 260 |
_aLima : _bSalas e Hijos, _c1958. |
||
| 300 |
_a186 p. : _bil. ; _c22 cm. |
||
| 049 | _aBNPD | ||
| 999 |
_c32551 _d32551 |
||